Normal view MARC view

Entry Personal Name

Number of records used in: 1

001 - CONTROL NUMBER

  • control field: 9309

003 - CONTROL NUMBER IDENTIFIER

  • control field: DLC

005 - DATE AND TIME OF LATEST TRANSACTION

  • control field: 20221115104113.0

008 - FIXED-LENGTH DATA ELEMENTS

  • fixed length control field: 800812n| azannaabn |a aaa

010 ## - LIBRARY OF CONGRESS CONTROL NUMBER

  • LC control number: n 80087651

035 ## - SYSTEM CONTROL NUMBER

  • System control number: (OCoLC)oca00468818

040 ## - CATALOGING SOURCE

  • Original cataloging agency: DLC
  • Language of cataloging: eng
  • Description conventions: rda
  • Transcribing agency: DLC
  • Modifying agency: DLC
  • Modifying agency: DNLM
  • Modifying agency: DLC

046 ## - SPECIAL CODED DATES

  • Birth date: 19481018

100 1# - HEADING--PERSONAL NAME

  • Personal name: Keogh, James Edward,
  • Dates associated with a name: 1948-

370 ## - ASSOCIATED PLACE

  • Associated country: U.S.
  • Place of residence/headquarters: Ridgefield Park, N.J.
  • Other associated place: New York, N.Y.

372 ## - FIELD OF ACTIVITY

  • Field of activity: nursing

373 ## - ASSOCIATED GROUP

  • Associated group: New York University

374 ## - OCCUPATION

  • Occupation: instructor

375 ## - GENDER

  • Gender: male

400 1# - SEE FROM TRACING--PERSONAL NAME

  • Personal name: Keogh, James,
  • Dates associated with a name: 1948-

400 1# - SEE FROM TRACING--PERSONAL NAME

  • Personal name: Keogh, Jim,
  • Dates associated with a name: 1948-

670 ## - SOURCE DATA FOUND

  • Source citation: His Burglarproof, c1977.

670 ## - SOURCE DATA FOUND

  • Source citation: His PAL, c1992:
  • Information found: CIP t.p. (Jim Keogh) data sheet (b. 10-18-48) pub. info. (res. Ridgefield Park, N.J.)

670 ## - SOURCE DATA FOUND

  • Source citation: The secrets to good grades, 1999:
  • Information found: CIP t.p. (James Keogh)

670 ## - SOURCE DATA FOUND

  • Source citation: Schaum's outline of ECG interpretation, 2011:
  • Information found: ECIP title page (James Keogh, R.N., Instructor, New York University) title page verso (Jim Keogh)

670 ## - SOURCE DATA FOUND

  • Source citation: NLM files, Nov. 3, 2010
  • Information found: (access point: Keogh, James Edward, 1948- ; usage: Jim Keogh)

Powered by Koha